[Event "Rated Blitz game"]
[Site "?"]
[Date "2021.10.17"]
[Round "?"]
[White "HenrikDahl"]
[Black "walodelpalo"]
[Result "0-1"]
[WhiteElo "2509"]
[BlackElo "2416"]
[PlyCount "118"]
[EventDate "2021.??.??"]
[EventType "blitz"]

1. e4 e5 2. Nf3 d5 3. exd5 Bd6 4. Nc3 Nf6 5. Bb5+ c6 6. dxc6 bxc6 7. Ba4 e4 8.
Qe2 O-O 9. Nd4 Re8 10. h3 Qb6 11. Nb3 Ba6 12. Qe3 Qc7 13. a3 Nbd7 14. Nd4 Ne5
15. b3 Rad8 16. Bb2 Bc5 17. Nce2 Qb6 18. b4 Bxe2 19. bxc5 Qxb2 20. Kxe2 Qxd4
21. Qxd4 Rxd4 22. Bb3 Nc4 23. Bxc4 Rxc4 24. c3 Rxc5 25. Rab1 h6 26. Rb7 Ra5 27.
Ra1 Nd5 28. g3 Re6 29. c4 Nb6 30. d3 exd3+ 31. Kxd3 Rd6+ 32. Kc3 Rc5 33. Re1
Rxc4+ 34. Kb3 Rd3+ 35. Kb2 Rcc3 36. Ree7 Rf3 37. Re2 Nc4+ 38. Kb1 Rb3+ 39. Rxb3
Rxb3+ 40. Kc1 Rxa3 41. Re7 Ra6 42. Kc2 Nb6 43. Rc7 Nd5 44. Rc8+ Kh7 45. Kd3 Kg6
46. Kd4 f6 47. f4 Kf7 48. Rb8 Ra5 49. Rb7+ Kg6 50. f5+ Kxf5 51. Rxg7 Ra4+ 52.
Kc5 Ra1 53. Kxc6 Ke5 54. Rg6 a5 55. Rxh6 a4 56. Rh5+ Ke6 57. Rxd5 Rc1+ 58. Rc5
Rxc5+ 59. Kxc5 a3 {Normal} 0-1

[Event "Rated Blitz game"]
[Site "?"]
[Date "2021.10.17"]
[Round "?"]
[White "Ocinitram"]
[Black "Annali-annaliew1979"]
[Result "1-0"]
[WhiteElo "2606"]
[BlackElo "2477"]
[PlyCount "71"]
[EventDate "2021.??.??"]
[EventType "blitz"]

1. e4 e5 2. Nf3 d5 3. exd5 e4 4. Qe2 f5 5. d3 Nf6 6. dxe4 fxe4 7. Nc3 Bb4 8. d6
Bxc3+ 9. bxc3 O-O 10. Nd4 Qxd6 11. Bg5 Nc6 12. Qc4+ Kh8 13. O-O-O Ne5 14. Qb3
Qe7 15. Re1 h6 16. h4 c5 17. Rxe4 cxd4 18. cxd4 Be6 19. d5 Bf5 20. Rf4 Qd7 21.
Bb5 Qc8 22. d6 Bd7 23. Be2 Ng6 24. Rb4 Be6 25. Qb2 hxg5 26. hxg5+ Nh7 27. Bd3
Bf5 28. Rxb7 Rg8 29. d7 Qf8 30. Bc4 Be6 31. Bxe6 Qf4+ 32. Kb1 Rgd8 33. Rb3 Qe4
34. Rbh3 Qxe6 35. Rxh7+ Kg8 36. Qxg7# {Normal} 1-0

[Event "Rated Blitz game"]
[Site "?"]
[Date "2021.10.17"]
[Round "?"]
[White "Buzilo"]
[Black "GoughPhar"]
[Result "0-1"]
[WhiteElo "2385"]
[BlackElo "2467"]
[PlyCount "96"]
[EventDate "2021.??.??"]
[EventType "blitz"]

1. e4 e5 2. Nf3 d5 3. exd5 e4 4. Qe2 Nf6 5. d3 Qxd5 6. Nbd2 Be7 7. dxe4 Qd8 8.
Qb5+ Bd7 9. Qxb7 Nc6 10. c3 O-O 11. Be2 Rb8 12. Qa6 Rb6 13. Qd3 Qc8 14. Qc2 Re8
15. O-O Bd6 16. Nc4 Rb8 17. Nxd6 cxd6 18. Bd3 Bg4 19. Nd4 Ne5 20. f3 Bh5 21.
Be2 d5 22. Nf5 dxe4 23. fxe4 Bg6 24. Bf4 Nxe4 25. Qxe4 Bxf5 26. Qd4 Nc6 27. Qd2
Rb7 28. Bf3 Rd7 29. Qf2 Ne5 30. Bxe5 Rxe5 31. Rad1 Rde7 32. Qd4 h6 33. Qd8+
Qxd8 34. Rxd8+ Kh7 35. Rfd1 Be4 36. Kf2 Bxf3 37. Kxf3 Re3+ 38. Kf2 Re2+ 39. Kf1
Rxb2 40. Re1 Rxe1+ 41. Kxe1 Rxg2 42. Rd7 Rxa2 43. Rxf7 Kg6 44. Rb7 a5 45. Kd1
Rxh2 46. c4 a4 47. c5 a3 48. c6 a2 {Time forfeit} 0-1

[Event "Rated Blitz game"]
[Site "?"]
[Date "2021.10.17"]
[Round "?"]
[White "supertoys"]
[Black "Annali-annaliew1979"]
[Result "0-1"]
[WhiteElo "2526"]
[BlackElo "2509"]
[PlyCount "86"]
[EventDate "2021.??.??"]
[EventType "blitz"]

1. e4 e5 2. Nf3 d5 3. Nxe5 Qe7 4. d4 f6 5. Ng4 Nc6 6. c3 Bf5 7. Ne3 Bxe4 8. f3
Bxb1 9. Rxb1 f5 10. Kf2 Nf6 11. Nxf5 Qd7 12. Ng3 O-O-O 13. Bb5 a6 14. Ba4 Bd6
15. Re1 Rhf8 16. Bg5 Bxg3+ 17. hxg3 Ne4+ 18. Kg1 Nxg5 19. Qd2 h6 20. Re2 Qd6
21. g4 Rxf3 22. b4 Qg3 23. Kh1 Ne4 24. Rxe4 dxe4 25. gxf3 exf3 26. Rg1 Qh3+ 27.
Qh2 Qxh2+ 28. Kxh2 Ne7 29. Kg3 Rf8 30. Rf1 Nd5 31. Rxf3 Rxf3+ 32. Kxf3 Nxc3 33.
Bb3 Kd7 34. a4 c6 35. Ke3 Kd6 36. Kd3 Nd5 37. b5 axb5 38. axb5 cxb5 39. Bd1 Ke7
40. Bf3 Kd6 41. Bd1 b4 42. Kc4 Ne3+ 43. Kxb4 Nxd1 {Normal} 0-1

[Event "Rated Blitz game"]
[Site "?"]
[Date "2021.10.17"]
[Round "?"]
[White "sstrb"]
[Black "Annali-annaliew1979"]
[Result "1-0"]
[WhiteElo "2532"]
[BlackElo "2512"]
[PlyCount "31"]
[EventDate "2021.??.??"]
[EventType "blitz"]

1. e4 e5 2. Nf3 d5 3. exd5 e4 4. Qe2 f5 5. d3 Nf6 6. dxe4 fxe4 7. Nc3 Be7 8.
Nxe4 Nxe4 9. Qxe4 O-O 10. Be3 Bd6 11. Bd3 Bf5 12. Qd4 Bxd3 13. Qxd3 Nd7 14.
O-O-O Qf6 15. Ng5 Bf4 16. Qxh7# {Normal} 1-0

[Event "Rated Blitz game"]
[Site "?"]
[Date "2021.10.17"]
[Round "?"]
[White "ValeriiV"]
[Black "Tristan2020"]
[Result "1/2-1/2"]
[WhiteElo "2282"]
[BlackElo "2418"]
[PlyCount "65"]
[EventDate "2021.??.??"]
[EventType "blitz"]

1. e4 e5 2. Nf3 d5 3. exd5 e4 4. Ne5 Qxd5 5. d4 exd3 6. Nxd3 Nf6 7. Nc3 Qe6+ 8.
Be2 Bd6 9. O-O O-O 10. Bf3 Nc6 11. Re1 Qf5 12. Ne4 Nxe4 13. Bxe4 Qf6 14. Bxc6
bxc6 15. Qh5 Bf5 16. Qg5 Qxg5 17. Bxg5 Rfe8 18. f3 f6 19. Bd2 Kf7 20. g4 Be6
21. Nf4 Bd5 22. Kf2 a5 23. Rxe8 Kxe8 24. Re1+ Kf7 25. h4 Bxa2 26. b3 a4 27. Ra1
axb3 28. cxb3 Be5 29. Rc1 Bxb3 30. Rxc6 Bxf4 31. Bxf4 Ra7 32. Rxc7+ Rxc7 33.
Bxc7 {Normal} 1/2-1/2

[Event "Rated Blitz tournament mFBKdpsY"]
[Site "?"]
[Date "2021.10.17"]
[Round "?"]
[White "Nurullah_kilic"]
[Black "gmmds2694"]
[Result "0-1"]
[WhiteElo "2275"]
[BlackElo "2689"]
[PlyCount "112"]
[EventDate "2021.??.??"]
[EventType "blitz"]

1. e4 e5 2. Nf3 d5 3. Nxe5 Bd6 4. d4 dxe4 5. Bc4 Bxe5 6. Qh5 Qe7 7. Qxe5 Qxe5
8. dxe5 Nc6 9. Bf4 Nge7 10. Nc3 Ng6 11. Bg3 Ncxe5 12. Bxe5 Nxe5 13. Bb3 f5 14.
O-O-O Bd7 15. Rhe1 O-O-O 16. f3 c6 17. fxe4 f4 18. Ne2 g5 19. Nd4 Rhf8 20. Be6
Rde8 21. Bxd7+ Nxd7 22. Nf5 Kc7 23. g3 f3 24. h3 h5 25. Re3 Ne5 26. g4 hxg4 27.
hxg4 Rd8 28. Rh1 Rh8 29. Rf1 Rh2 30. c3 Rdd2 31. Nd4 Nd3+ 32. Rxd3 Rxd3 33.
Nxf3 Re2 34. Nd4 Rxe4 35. Rf7+ Kb6 36. Kc2 Rg3 37. b4 Rexg4 38. a4 a5 39. bxa5+
Ka6 40. Nb3 Rg2+ 41. Kb1 Rc4 42. Rf8 Ka7 43. Rf3 g4 44. Rd3 g3 45. Nd4 Rg1+ 46.
Kc2 g2 47. Nf3 Rf1 48. Kb3 Rf4 49. Nd2 g1=Q 50. Nxf1 Qxf1 51. Rd4 Qb1+ 52. Kc4
Rf3 53. Rd3 Qa2+ 54. Kb4 Rxd3 55. Kc5 Qa3+ 56. Kc4 Qxc3# {Normal} 0-1

[Event "Rated Blitz game"]
[Site "?"]
[Date "2021.10.17"]
[Round "?"]
[White "Tim1991"]
[Black "Annali-annaliew1979"]
[Result "1-0"]
[WhiteElo "2459"]
[BlackElo "2468"]
[PlyCount "95"]
[EventDate "2021.??.??"]
[EventType "blitz"]

1. e4 e5 2. Nf3 d5 3. exd5 e4 4. Qe2 f5 5. d3 Nf6 6. Nbd2 Be7 7. dxe4 fxe4 8.
Nxe4 Nxe4 9. Qxe4 O-O 10. Bd3 Bf5 11. Qc4 Bxd3 12. Qxd3 Bd6 13. O-O Nd7 14. Bg5
Qe8 15. Rfe1 Qh5 16. h4 h6 17. Be7 Nc5 18. Qc4 Rf4 19. Qc3 Ne4 20. Qd3 Nc5 21.
Qa3 Ra4 22. Qc3 Rf4 23. Bxd6 cxd6 24. Re3 Raf8 25. Rae1 Qg4 26. Kf1 b5 27. a3
a5 28. Qd2 b4 29. axb4 axb4 30. Qe2 b3 31. cxb3 R4f6 32. Re8 Rxe8 33. Qxe8+ Kh7
34. Qe3 Rg6 35. g3 Rf6 36. Kg2 Nd7 37. Nd4 Ne5 38. f3 Qg6 39. Rf1 Kh8 40. Ne6
Qf7 41. Nf4 g5 42. hxg5 hxg5 43. Ne6 g4 44. f4 Rh6 45. fxe5 Rh2+ 46. Kxh2 Qxf1
47. Qh6+ Kg8 48. Qg7# {Normal} 1-0

[Event "Rated Blitz game"]
[Site "?"]
[Date "2021.10.17"]
[Round "?"]
[White "off_war"]
[Black "Annali-annaliew1979"]
[Result "0-1"]
[WhiteElo "2379"]
[BlackElo "2488"]
[PlyCount "70"]
[EventDate "2021.??.??"]
[EventType "blitz"]

1. e4 e5 2. Nf3 d5 3. exd5 e4 4. Qe2 f5 5. d3 Nf6 6. dxe4 fxe4 7. Nc3 Be7 8.
Nxe4 Nxe4 9. Qxe4 O-O 10. Be3 Bd6 11. Nd4 Qf6 12. O-O-O Na6 13. Bd3 g6 14. Ne6
Nb4 15. Bd4 Nxd3+ 16. Rxd3 Qf5 17. Qh4 Bxe6 18. dxe6 Qxe6 19. Kb1 Rae8 20. a3
Be7 21. Qh6 Bf6 22. Bxf6 Qxf6 23. Rd7 Re7 24. Rhd1 Rfe8 25. f4 Qe6 26. R7d5 c6
27. Re5 Qf6 28. Rg5 Qg7 29. Qh4 Re4 30. Qg4 Rf8 31. Rd7 Rexf4 32. Rxg7+ Kxg7
33. Qg3 Rf1+ 34. Ka2 R1f6 35. h4 h6 {Time forfeit} 0-1

[Event "Rated Blitz game"]
[Site "?"]
[Date "2021.10.17"]
[Round "?"]
[White "Carbazole"]
[Black "GoughPhar"]
[Result "0-1"]
[WhiteElo "2629"]
[BlackElo "2471"]
[PlyCount "86"]
[EventDate "2021.??.??"]
[EventType "blitz"]

1. e4 e5 2. Nf3 d5 3. Nxe5 Bd6 4. d4 dxe4 5. Nc4 Nf6 6. Nc3 Nc6 7. Bg5 Bf5 8.
Qd2 O-O 9. O-O-O Bb4 10. a3 Bxc3 11. Qxc3 Nd5 12. Qg3 f6 13. Be3 Kh8 14. Nd2 a5
15. Bc4 Nb6 16. Ba2 Nxd4 17. Kb1 Nb5 18. Nc4 Qe7 19. Nxb6 cxb6 20. Bxb6 Be6 21.
c4 Rfc8 22. a4 Nc7 23. Qd6 Qf7 24. Bxc7 Rxc7 25. Qd8+ Rxd8 26. Rxd8+ Qg8 27.
Rhd1 Bxc4 28. Rxg8+ Kxg8 29. Rd8+ Kf7 30. Bxc4+ Rxc4 31. Rd7+ Kg6 32. Rxb7 Rxa4
33. Kc2 Rd4 34. Ra7 Rd5 35. Kc3 f5 36. g3 Kh5 37. Rxg7 h6 38. h3 Rd3+ 39. Kc2
Rf3 40. Rf7 Rxf2+ 41. Kc3 Rf3+ 42. Kd4 Rxg3 43. Ke5 Rf3 {Normal} 0-1

[Event "Rated Blitz game"]
[Site "?"]
[Date "2021.10.17"]
[Round "?"]
[White "crstefan"]
[Black "Gillamenace"]
[Result "1-0"]
[WhiteElo "2451"]
[BlackElo "2448"]
[PlyCount "56"]
[EventDate "2021.??.??"]
[EventType "blitz"]

1. e4 e5 2. Nf3 d5 3. exd5 e4 4. Qe2 Nf6 5. d3 Bb4+ 6. c3 O-O 7. dxe4 Bd6 8.
Bg5 Re8 9. Nbd2 h6 10. Bxf6 Qxf6 11. O-O-O c6 12. dxc6 Nxc6 13. Nc4 Bf4+ 14.
Kb1 b5 15. Ncd2 Bf5 16. Qxb5 Rab8 17. Qxf5 Qxc3 18. Nb3 Rxb3 19. axb3 Qxb3 20.
Rd3 Qb8 21. g3 Be5 22. Nxe5 Nxe5 23. Rd5 g6 24. Qf6 Ng4 25. Qf4 Qxf4 26. gxf4
Nxf2 27. Rg1 Nxe4 28. Bg2 Nf6 {Normal} 1-0

[Event "Rated Blitz game"]
[Site "?"]
[Date "2021.10.17"]
[Round "?"]
[White "sachista15"]
[Black "GoughPhar"]
[Result "1-0"]
[WhiteElo "2432"]
[BlackElo "2485"]
[PlyCount "111"]
[EventDate "2021.??.??"]
[EventType "blitz"]

1. e4 e5 2. Nf3 d5 3. d3 dxe4 4. dxe4 Qxd1+ 5. Kxd1 Bg4 6. Be2 Nc6 7. c3 Bc5 8.
Ne1 O-O-O+ 9. Nd2 Nf6 10. f3 Be6 11. Kc2 a5 12. a4 h5 13. h4 Nd7 14. Nc4 f5 15.
Bg5 Nf6 16. exf5 Bxf5+ 17. Kb3 Rd7 18. Ne3 Be6+ 19. Bc4 Nd5 20. Nxd5 Bxd5 21.
Bxd5 Rxd5 22. Nc2 Re8 23. Rad1 Rxd1 24. Rxd1 e4 25. Re1 Re5 26. Rxe4 Rxe4 27.
fxe4 Kd7 28. Ne3 Bxe3 29. Bxe3 Ke6 30. Bd4 g6 31. Kc4 b6 32. Kb5 Nd8 33. b4
axb4 34. cxb4 Kd7 35. a5 bxa5 36. bxa5 Kc8 37. a6 Ne6 38. Be3 Kb8 39. Kc6 Nf8
40. e5 Ne6 41. Kd7 Ng7 42. e6 Nf5 43. e7 Nxe7 44. Kxe7 Ka8 45. Bc5 c6 46. Kf6
g5 47. Kxg5 Kb8 48. Kxh5 Ka8 49. Kg6 Kb8 50. Kf7 Ka8 51. Ke7 Kb8 52. Kd7 Ka8
53. h5 Kb8 54. h6 Ka8 55. h7 Kb8 56. h8=R# {Normal} 1-0

[Event "Rated Blitz game"]
[Site "?"]
[Date "2021.10.17"]
[Round "?"]
[White "Fruskagora2020"]
[Black "alaeldin1212"]
[Result "0-1"]
[WhiteElo "2409"]
[BlackElo "2380"]
[PlyCount "56"]
[EventDate "2021.??.??"]
[EventType "blitz"]

1. e4 e5 2. Nf3 d5 3. Nc3 dxe4 4. Nxe4 f5 5. Ng3 e4 6. Ne5 Qd4 7. Qh5+ g6 8.
Nxg6 hxg6 9. Qxg6+ Kd8 10. Nxf5 Bxf5 11. Qxf5 Nd7 12. d3 exd3 13. Bxd3 Bd6 14.
Bg5+ Ne7 15. O-O-O Rf8 16. Qb5 c6 17. Bxe7+ Bxe7 18. Qxb7 Bf6 19. c3 Qf4+ 20.
Kb1 Rb8 21. Qxc6 Rb6 22. Qe4 Qxe4 23. Bxe4 Bxc3 24. b3 Rxf2 25. Rhf1 Rb2+ 26.
Kc1 Rxa2 27. Rf7 Ra1+ 28. Bb1 Rb7 {Time forfeit} 0-1

[Event "Rated Blitz game"]
[Site "?"]
[Date "2021.10.17"]
[Round "?"]
[White "akatisuki"]
[Black "King_bg03"]
[Result "0-1"]
[WhiteElo "2476"]
[BlackElo "2536"]
[PlyCount "120"]
[EventDate "2021.??.??"]
[EventType "blitz"]

1. e4 e5 2. Nf3 d5 3. exd5 e4 4. Nd4 Qe7 5. Nc3 Nf6 6. d3 exd3+ 7. Be3 dxc2 8.
Nxc2 Bg4 9. Be2 Bxe2 10. Qxe2 Nbd7 11. O-O O-O-O 12. Rfd1 Nb6 13. Bxb6 Qxe2 14.
Nxe2 axb6 15. Ne3 Bc5 16. Nc3 Rhe8 17. Rd3 Re5 18. Nc4 Rf5 19. Ne3 Bxe3 20.
fxe3 Re5 21. Rad1 Rde8 22. d6 cxd6 23. Rxd6 Rxe3 24. Rxb6 Ng4 25. g3 Re1+ 26.
Rxe1 Rxe1+ 27. Kg2 Rc1 28. Rb4 Rc2+ 29. Kh3 h5 30. Kh4 Rxh2+ 31. Kg5 Ne5 32.
Rb5 f6+ 33. Kf5 Rg2 34. Ne4 Re2 35. Nc5 Rc2 36. Nxb7 Kc7 37. Na5 Nd7 38. Rb7+
Kd6 39. Rb3 Ne5 40. Rb6+ Kc7 41. Rb3 Rf2+ 42. Ke6 Kc8 43. Rc3+ Kb8 44. Ke7 Ka7
45. Nc6+ Ka6 46. Nxe5 fxe5 47. Kd6 Rxb2 48. Kc6 Rxa2 49. Rc5 Ra5 50. Rc4 g6 51.
Kc7 Ra1 52. Rc6+ Kb5 53. Rxg6 Kc5 54. Rd6 Ra7+ 55. Kd8 Kxd6 56. Ke8 e4 57. Kf8
e3 58. Kg8 e2 59. Kh8 e1=Q 60. Kg8 Qb1 {Time forfeit} 0-1

[Event "Rated Blitz game"]
[Site "?"]
[Date "2021.10.17"]
[Round "?"]
[White "blundersss"]
[Black "Dylan2003"]
[Result "0-1"]
[WhiteElo "2407"]
[BlackElo "2363"]
[PlyCount "132"]
[EventDate "2021.??.??"]
[EventType "blitz"]

1. e4 e5 2. Nf3 d5 3. Nxe5 Bd6 4. d4 dxe4 5. Nc4 Nf6 6. Nxd6+ Qxd6 7. Be2 O-O
8. Be3 Bf5 9. O-O Nc6 10. c4 Rad8 11. d5 Ne5 12. Nc3 Neg4 13. g3 Nxe3 14. fxe3
Bg6 15. Qd4 c5 16. dxc6 Qxd4 17. exd4 bxc6 18. Rad1 Rd6 19. d5 cxd5 20. Nxd5
Nxd5 21. cxd5 Rc8 22. Rc1 Rcd8 23. Bc4 h5 24. Bb3 Kh7 25. Kf2 f6 26. Ke3 Kh6
27. Rfd1 h4 28. Rc7 a5 29. Rc6 Kg5 30. gxh4+ Kxh4 31. Rxd6 Rxd6 32. Rc1 Kh3 33.
Rc2 Rd8 34. Rd2 Kg4 35. d6 f5 36. Rg2+ Kh5 37. Rd2 Kg4 38. Be6 Kg5 39. d7 f4+
40. Kd4 e3 41. Rg2+ Kf6 42. Bh3 Bh5 43. Bg4 Bxg4 44. Rxg4 Rxd7+ 45. Ke4 e2 46.
Rg1 e1=Q+ 47. Rxe1 Re7+ 48. Kxf4 Rxe1 49. b4 Rf1+ 50. Ke3 axb4 51. a4 Ra1 52.
Kd4 Rxa4 53. Kc4 Ra2 54. Kxb4 Rxh2 55. Kc4 g5 56. Kd4 g4 57. Ke4 g3 58. Kf3 g2
59. Kf2 Kg5 60. Kg1 Rh4 61. Kxg2 Rf4 62. Kg3 Kf5 63. Kg2 Kg4 64. Kh2 Rf3 65.
Kg1 Kg3 66. Kh1 Rf1# {Normal} 0-1

[Event "Rated Blitz game"]
[Site "?"]
[Date "2021.10.16"]
[Round "?"]
[White "Tyazh"]
[Black "pashpawn"]
[Result "1-0"]
[WhiteElo "2361"]
[BlackElo "2449"]
[PlyCount "139"]
[EventDate "2021.??.??"]
[EventType "blitz"]

1. e4 e5 2. Nf3 d5 3. exd5 e4 4. Nd4 Qxd5 5. Nb3 Nf6 6. Nc3 Qe5 7. Bc4 Bd6 8.
Qe2 O-O 9. d3 Bg4 10. f3 exf3 11. gxf3 Bxf3 12. Qxe5 Bxe5 13. Rf1 Bc6 14. Be3
Ng4 15. Bc5 Re8 16. Bxf7+ Kh8 17. Bxe8 Bf6 18. Bxc6 Nxc6 19. O-O-O b6 20. Bg1
Nb4 21. h3 Ne5 22. Ne4 Be7 23. a3 Nd5 24. Bh2 Ng6 25. Rde1 c5 26. Nbd2 h6 27.
Nc4 Bh4 28. Re2 Re8 29. Rg2 Kh7 30. Rfg1 Re6 31. Bg3 Be7 32. Bb8 a6 33. Bh2 b5
34. Rxg6 Rxg6 35. Rxg6 Kxg6 36. Ne5+ Kf5 37. Kd2 c4 38. Nc6 Bh4 39. Nd4+ Kg6
40. Nf3 Be7 41. Ne5+ Kf5 42. Nc6 Bh4 43. Nd4+ Kg6 44. dxc4 bxc4 45. Nf3 Be7 46.
Nc3 Nf6 47. Ne5+ Kf5 48. Nxc4 Bc5 49. Ne3+ Kg6 50. b4 Be7 51. Ncd5 Kh5 52.
Nxf6+ Bxf6 53. Nd5 Kh4 54. Nxf6 gxf6 55. c4 Kxh3 56. c5 Kxh2 57. c6 Kg2 58. c7
h5 59. c8=Q h4 60. Qg4+ Kf2 61. Qxh4+ Kf3 62. Qxf6+ Ke4 63. Qg5 a5 64. bxa5 Kd4
65. a6 Kc4 66. a7 Kb3 67. a8=Q Ka2 68. Qb7 Ka1 69. Qgb5 Ka2 70. Qb2# {Normal}
1-0

[Event "Rated Blitz game"]
[Site "?"]
[Date "2021.10.16"]
[Round "?"]
[White "ColdAsTheClay"]
[Black "RCompany_1"]
[Result "0-1"]
[WhiteElo "2488"]
[BlackElo "2486"]
[PlyCount "102"]
[EventDate "2021.??.??"]
[EventType "blitz"]

1. e4 e5 2. Nf3 d5 3. Nxe5 Bd6 4. d4 dxe4 5. Bc4 Bxe5 6. dxe5 Qxd1+ 7. Kxd1 Nc6
8. Bf4 Nge7 9. Re1 Ng6 10. Bg3 Bg4+ 11. Kc1 Ngxe5 12. Bd5 O-O-O 13. Bxe4 Rhe8
14. f3 Bh5 15. Bf5+ Kb8 16. b3 Bg6 17. Bxg6 hxg6 18. Kb2 g5 19. Nc3 f5 20. f4
gxf4 21. Bxf4 Nf7 22. Rad1 g5 23. Be3 f4 24. Bf2 Kc8 25. h4 g4 26. Rxd8+ Kxd8
27. Rxe8+ Kxe8 28. Nd5 f3 29. gxf3 gxf3 30. Nxc7+ Kd7 31. Nb5 Nh6 32. Nxa7 Nxa7
33. Bxa7 Nf5 34. Bf2 Nd6 35. c4 Ne4 36. Be3 f2 37. Bxf2 Nxf2 38. Kc3 Ng4 39.
Kb4 Kc6 40. a4 b6 41. a5 bxa5+ 42. Kxa5 Kc5 43. b4+ Kxc4 44. b5 Kc5 45. Ka6 Ne5
46. b6 Nd7 47. b7 Kd6 48. h5 Ke7 49. h6 Kf7 50. Kb5 Kg6 51. Kc6 Nb8+ {Time
forfeit} 0-1

[Event "Rated Blitz game"]
[Site "?"]
[Date "2021.10.16"]
[Round "?"]
[White "superspeed"]
[Black "RCompany_1"]
[Result "0-1"]
[WhiteElo "2491"]
[BlackElo "2483"]
[PlyCount "50"]
[EventDate "2021.??.??"]
[EventType "blitz"]

1. e4 e5 2. Nf3 d5 3. exd5 e4 4. Qe2 Nf6 5. Nc3 Be7 6. Nxe4 Nxd5 7. d3 O-O 8.
Qd1 Re8 9. Be2 c5 10. O-O Nc6 11. Re1 Bf5 12. Ng3 Bg6 13. a3 Qc7 14. d4 Rad8
15. c4 Nxd4 16. Nxd4 Nf4 17. Bxf4 Qxf4 18. Ne6 fxe6 19. Qb3 Rf8 20. Bf3 Rd3 21.
Qxb7 Bd6 22. Rxe6 Rb8 23. Qc6 Bf7 24. Ne2 Qd2 25. Bd5 Qd1+ {Normal} 0-1

[Event "Rated Blitz game"]
[Site "?"]
[Date "2021.10.16"]
[Round "?"]
[White "Esquire01"]
[Black "Lorian2514"]
[Result "0-1"]
[WhiteElo "2428"]
[BlackElo "2604"]
[PlyCount "48"]
[EventDate "2021.??.??"]
[EventType "blitz"]

1. e4 e5 2. Nf3 d5 3. exd5 e4 4. Qe2 Qe7 5. Nd4 Qe5 6. Nb5 a6 7. d4 Qe7 8. N5c3
Nf6 9. Bg5 Bf5 10. Nd2 Nbd7 11. O-O-O O-O-O 12. f3 exf3 13. Qxf3 Bg6 14. Bd3
Qb4 15. Bxg6 hxg6 16. Nde4 Be7 17. Nxf6 gxf6 18. Bf4 Nb6 19. a3 Qa5 20. Rhe1
Rd7 21. Rd3 Nc4 22. Bd2 Bxa3 23. bxa3 Qxa3+ 24. Kd1 Rxh2 {Time forfeit} 0-1

[Event "Rated Blitz game"]
[Site "?"]
[Date "2021.10.16"]
[Round "?"]
[White "ChessTreasureMap"]
[Black "larsental3"]
[Result "0-1"]
[WhiteElo "2448"]
[BlackElo "2325"]
[PlyCount "44"]
[EventDate "2021.??.??"]
[EventType "blitz"]

1. e4 e5 2. Nf3 d5 3. Nxe5 Bd6 4. d4 dxe4 5. Nc4 Nf6 6. Bg5 Bf5 7. Be2 Nc6 8.
O-O h6 9. Bxf6 Qxf6 10. c3 O-O-O 11. Ne3 Bd7 12. Nd2 Qg6 13. Bg4 f5 14. Bh3 f4
15. Bxd7+ Rxd7 16. Nec4 f3 17. g3 Rf8 18. Nxd6+ cxd6 19. d5 Ne5 20. Re1 Rf4 21.
Qc2 Qh5 22. Rxe4 Qh3 {Normal} 0-1

[Event "Rated Blitz game"]
[Site "?"]
[Date "2021.10.16"]
[Round "?"]
[White "WhiteIronTiger"]
[Black "RCompany_1"]
[Result "1-0"]
[WhiteElo "2477"]
[BlackElo "2467"]
[PlyCount "53"]
[EventDate "2021.??.??"]
[EventType "blitz"]

1. e4 e5 2. Nf3 d5 3. exd5 e4 4. Qe2 Nf6 5. Nc3 Be7 6. Nxe4 Nxd5 7. d4 O-O 8.
Nc3 Bb4 9. Qd3 Bf5 10. Qxf5 Nxc3 11. a3 Re8+ 12. Be3 Ba5 13. Bd3 Nd5+ 14. Ke2
g6 15. Qg5 f6 16. Qh6 Qe7 17. Bc4 c6 18. h4 Nd7 19. h5 g5 20. Rh3 N7b6 21. Bb3
Kh8 22. Nd2 Nf4+ 23. Kf1 Bxd2 24. Bxd2 Qe2+ 25. Kg1 Nxh3+ 26. gxh3 Qxd2 27.
Qxf6# {Normal} 1-0

[Event "Rated Blitz game"]
[Site "?"]
[Date "2021.10.16"]
[Round "?"]
[White "SiantarMen128"]
[Black "sillierchess"]
[Result "0-1"]
[WhiteElo "2372"]
[BlackElo "2406"]
[PlyCount "76"]
[EventDate "2021.??.??"]
[EventType "blitz"]

1. e4 e5 2. Nf3 d5 3. exd5 Bd6 4. Bd3 f5 5. Bb5+ c6 6. Ba4 Nf6 7. dxc6 Nxc6 8.
O-O O-O 9. d3 Qc7 10. h3 h6 11. Nc3 Be6 12. Re1 Rad8 13. Bd2 a6 14. Bb3 Bxb3
15. axb3 Nb4 16. Rc1 Kh8 17. Nb5 axb5 18. Bxb4 Bxb4 19. c3 Bd6 20. Qc2 e4 21.
Nd4 Bf4 22. Rcd1 b4 23. Ne6 Qd6 24. Nxf8 Qxf8 25. g3 Bb8 26. dxe4 Nxe4 27. cxb4
Rxd1 28. Rxd1 Ba7 29. Kg2 Bxf2 30. Rf1 Qd6 31. Rxf2 Qxg3+ 32. Kf1 Qxf2+ 33.
Qxf2 Nxf2 34. Kxf2 g5 35. h4 Kg7 36. Ke3 Kf6 37. Kd4 gxh4 38. Kc5 h3 {Normal}
0-1

[Event "Rated Blitz game"]
[Site "?"]
[Date "2021.10.16"]
[Round "?"]
[White "chessworld40"]
[Black "Schachelite"]
[Result "1/2-1/2"]
[WhiteElo "2456"]
[BlackElo "2444"]
[PlyCount "112"]
[EventDate "2021.??.??"]
[EventType "blitz"]

1. e4 e5 2. Nf3 d5 3. Nxe5 Bd6 4. d4 dxe4 5. Nc4 Nf6 6. Ne3 O-O 7. c4 Nc6 8. d5
Ne5 9. Nc3 c6 10. dxc6 Nxc6 11. Ned5 Nxd5 12. Nxd5 Be6 13. Be2 Bxd5 14. Qxd5
Bb4+ 15. Bd2 Qxd5 16. cxd5 Bxd2+ 17. Kxd2 Rad8 18. Bc4 Na5 19. b3 b5 20. Be2
Rxd5+ 21. Ke3 f5 22. g3 a6 23. Rhd1 Rfd8 24. Rxd5 Rxd5 25. a4 Nxb3 26. Ra3 Nc1
27. axb5 axb5 28. Bf1 g6 29. Ra5 Nd3 30. h4 Kg7 31. Ra3 Kf6 32. Ra7 Ne5 33.
Rxh7 Ng4+ 34. Ke2 Rc5 35. Rb7 Rc2+ 36. Ke1 Nxf2 37. Rb6+ Kg7 38. Rxb5 Nh1 39.
h5 Nxg3 40. hxg6 Rc1+ 41. Kf2 Nxf1 42. Rxf5 e3+ 43. Ke2 Ng3+ 44. Kxe3 Nxf5+ 45.
Ke4 Kxg6 46. Kf4 Kf6 47. Ke4 Rc4+ 48. Kd5 Rd4+ 49. Kc5 Ke6 50. Kc6 Rc4+ 51. Kb5
Kd5 52. Kb6 Nd6 53. Ka5 Rc1 54. Kb6 Rb1+ 55. Kc7 Rb7+ 56. Kd8 Rh7 {Normal}
1/2-1/2

[Event "Rated Blitz game"]
[Site "?"]
[Date "2021.10.16"]
[Round "?"]
[White "LuukDeGrote"]
[Black "Annali-annaliew1979"]
[Result "0-1"]
[WhiteElo "2569"]
[BlackElo "2487"]
[PlyCount "132"]
[EventDate "2021.??.??"]
[EventType "blitz"]

1. e4 e5 2. Nf3 d5 3. Nxe5 Qe7 4. d4 f6 5. Nd3 Nc6 6. c3 Bf5 7. Be2 Bxe4 8. O-O
Qf7 9. Nf4 Bd6 10. Bh5 Bg6 11. Re1+ Nge7 12. Bg4 f5 13. Bf3 O-O-O 14. Na3 a6
15. Nc2 Kb8 16. a4 Na5 17. b4 Nc4 18. Qe2 Rhe8 19. Bxd5 Nxd5 20. Qxc4 Nxf4 21.
Qf1 Nd5 22. Bg5 Rxe1 23. Rxe1 Re8 24. c4 Rxe1 25. Qxe1 Nf6 26. d5 Ne4 27. Be3
f4 28. Bd4 f3 29. g3 Qf5 30. Ne3 Qh3 31. c5 Be7 32. Bxg7 Bg5 33. Qf1 Qxf1+ 34.
Nxf1 Bf6 35. Bxf6 Nxf6 36. d6 cxd6 37. cxd6 Kc8 38. Nd2 Be4 39. b5 Kd7 40. Nc4
axb5 41. axb5 Bd5 42. Ne3 Kxd6 43. g4 h6 44. h4 Be4 45. g5 hxg5 46. hxg5 Nd5
47. Ng4 Nf4 48. Nf6 Bd3 49. Kh2 Bxb5 50. Kg3 Ne6 51. Ne4+ Ke5 52. Nc5 Nxc5 53.
Kxf3 Kf5 54. Ke3 Kxg5 55. Kd4 Ne6+ 56. Kd5 Nf4+ 57. Kd6 Bc6 58. Kc7 Kg4 59. Kb6
Kf3 60. Kc5 Kxf2 61. Kb6 Kf3 62. Kc7 Ke4 63. Kd6 Nd5 64. Kc5 Ke5 65. Kc4 Kd6
66. Kd4 b5 {Time forfeit} 0-1

[Event "Rated Blitz game"]
[Site "?"]
[Date "2021.10.16"]
[Round "?"]
[White "moktm"]
[Black "Schachelite"]
[Result "1-0"]
[WhiteElo "2393"]
[BlackElo "2451"]
[PlyCount "57"]
[EventDate "2021.??.??"]
[EventType "blitz"]

1. e4 e5 2. Nf3 d5 3. exd5 e4 4. Qe2 Nf6 5. d3 Qxd5 6. Nbd2 Nc6 7. dxe4 Qe6 8.
c3 Bd6 9. Nd4 Nxd4 10. cxd4 Nd7 11. e5 Bb4 12. a3 Ba5 13. b4 Bb6 14. Bb2 O-O
15. Qc4 Qg6 16. Qd3 Qe6 17. Be2 c6 18. O-O Rd8 19. Qb3 Qg6 20. Bd3 Qg4 21. h3
Qf4 22. Ne4 Nf8 23. Nd6 Be6 24. Qc3 Rab8 25. Rae1 Ng6 26. Re4 Qg5 27. f4 Qg3
28. Rf3 Qh4 29. f5 {Normal} 1-0

[Event "Rated Blitz game"]
[Site "?"]
[Date "2021.10.16"]
[Round "?"]
[White "ChovyofChess"]
[Black "RCompany_1"]
[Result "1-0"]
[WhiteElo "2582"]
[BlackElo "2474"]
[PlyCount "43"]
[EventDate "2021.??.??"]
[EventType "blitz"]

1. e4 e5 2. Nf3 d5 3. d3 Nc6 4. exd5 Qxd5 5. Nc3 Bb4 6. Bd2 Bxc3 7. Bxc3 Nf6 8.
Be2 O-O 9. O-O Bf5 10. Nd2 Nd4 11. Bxd4 exd4 12. Bf3 Qd7 13. Nc4 c6 14. a4 Rfe8
15. a5 b5 16. axb6 axb6 17. Rxa8 Rxa8 18. Nxb6 Qe8 19. Nxa8 Qxa8 20. Qa1 Qb7
21. Qa4 c5 22. Bxb7 {Normal} 1-0